00915nam a2200229 a 450000100100000000500170001000800410002704000250006808200200009310000400011324501340015326000340028730000170032149000690033849000240040750000280043165000240045965000270048370000410051071000440055183000900059500001115520250204092150.0091014s1992 dr 000 p spa d aDO-SdBNPbspacBNPHU aRD861.44bS211r1 aSánchez Lamouth, Juan,d1929-196810aResplandor de relámpago :bobra completa de Juan Sánchez Lamouth /cJuan Sánchez Lamouth ; compilación Julio Jaime Julia. aSanto Domingo :bUASD,c1992. av. ;c21 cm.1 aPublicaciones de la Universidad Autónoma de Santo Domingov2831 aArte y sociedadv34 aLa biblioteca posee v.1 0aPoesía dominicana 0aLiteratura dominicana.12aJulia, Julio Jaimed1922-1993ecomp.1 aUniversidad Autónoma de Santo Domingo 0aPublicaciones de la Universidad Autónoma de Santo Domingov283pArte y sociedadn34